LEADER 01229nam a2200289 4500 001 000000333476 003 CaOOAMICUS 005 20190509000000.0 008 190509s2012 it 000 u ita r 020 $a978-88-8246-611-4 040 $aSeMil$bita 100 1 $aFoer, Jonathan Safran,$d<1977- >.$0(OLS)http://semarc/name/109425 240 10$aExtremely loud & incredibly close.$0(OLS)http://semarc/title/423071 245 10$aMolto forte, incredibilmente vicino / $cJonathan Safran Foer ; traduzione di Massimo Bocchiola. 250 $a14. ed. 264 1$aParma :$bU. Guanda,$c2012. 300 $a351 p. :$bill. ;$c22 cm. 490 1 $aNarratori della fenice 700 1 $aBocchiola, Massimo,$d<1957- >.$0(OLS)http://semarc/name/37256 830 0$aNarratori della fenice.$0(OLS)http://semarc/title/24933 850 $aSeMil 852 $aSeMil$W1$xVenegono$y1$m1V VI 324$j213466$B225720$CSeMilBibl$Z2$F225720 $81 961 $aAntonelli don Mario - Omaggio 996 $6020$a978-88-8246-611-4$9(OLS)http://semarc/number/287225 996 $6245$aMolto forte, incredibilmente vicino / $9(OLS)http://semarc/title/423070 996 $6264$aParma :$bU. Guanda$9(OLS)http://semarc/publisher/45412 LEADER 01032nam a2200241 i 4500 001 000000046616 003 CaOOAMICUS 005 20120208000000.0 008 120208s1966 xx u000 u fre u 013 $a17786 040 $aSeMil$bita 100 1 $aOrcibal, Jean.$0(OLS)http://semarc/name/8662 245 10$aSaint Jean de la Croix et les Mystiques Rhéno-flamands /$cJean Orcibal. 260 $a[Paris] :$bDesclée de Brouwer,$c1966. 300 $a242 p. ;$c21 cm. 490 0 $aPrésence du Carmel ;$v6. 600 04$aGiovanni : della Croce .$0(OLS)http://semarc/subject/7848 650 4$aMistica renana.$0(OLS)http://semarc/subject/5694 830 0$aPrésence du Carmel ;$v6.$0(OLS)http://semarc/title/35376 850 $aSeMil 852 $aSeMil$W1$xVenegono$y1$m2C II 132$j12771$B12771$CSeMilBibl$Z2$F12771 $81 996 $6245$aSaint Jean de la Croix et les Mystiques Rhéno-flamands$9(OLS)http://semarc/title/69779 996 $6260$a[Paris] :$bDesclée de Brouwer$9(OLS)http://semarc/publisher/32277